000 00856nmc a2200301 a 4500
003 AR-BaBNM
005 20251128205013.0
008 026019s1994 ||||||||||||||000 | spa||
020 _a950-21-0321-1
040 _cAR-BaBNM
100 1 _aColuccio, Félix
_d1911-2005
245 1 0 _aDiccionario folklórico argentino
_bapéndice para ediciones anteriores
_n2
250 _a8ª ed.
260 _aBuenos Aires
_bPlus Ultra
_c1994
300 0 _a207 p.
_bmapas
490 0 _aTemas argentinos
_vv. 5
504 _aContiene tabla de abreviaturas y bibliografía p. 202-205
650 4 _aDICCIONARIOS
650 4 _aFOLKLORE
650 4 _aCOSTUMBRES Y TRADICIONES
651 4 _aArgentina
653 0 _aARGENTINISMOS
655 _aREFERENCIA
700 1 _aColuccio, Susana B.
800 1 _aIsaacson, José
_edirector
942 _cBK
998 _claura
999 _c9656
_d9656